Dr. No Characters - Statistics

General Stats
  • This quiz has been taken 14 times
  • The average score is 11 of 16
Answer Stats
Picture Answer % Correct
Dr. No
100%
James Bond
100%
M
100%
Felix Leiter
83%
Honey Ryder
83%
Miss Moneypenny
83%
Prof. Dent
83%
Q
83%
Miss Taro
67%
Quarrel
67%
Sylvia Trench
67%
John Strangways
50%
Annabel Chung
33%
Jones
33%
Mary Trueblood
33%
Pleydell Smith
33%
No matching quizzes found
Score Distribution
Percent of People with Each Score
Percentile by Number Answered
Your Score History
You have not taken this quiz